000 00704nam a22002297a 4500
003 OSt
005 20260629124324.0
008 260629b |||||||| |||| 00| 0 eng d
020 _a9781945351921
040 _cChuka University Library
050 _aPE 1128 .B54 2020
100 _aBleistein, Tasha
_931530
245 _aTeaching Speaking
250 _aRevised Edition
260 _aVirginia
_bTesol Press
_c2020
650 _aEnglish Language-Study and Teaching-Foreign Speakers
_927965
650 _aEnglish Language-Spoken English
_931531
650 _aOral Communication-Study and Teaching
_931532
700 _aMarilyn Lewis
_931533
700 _aMelissa K. Smith
_931534
942 _2lcc
_cBK
_n0
999 _c25375
_d25375